Dodavateľská príprava stavieb
Enregistré dans:
| Auteur principal: | |
|---|---|
| Format: | Livre |
| Langue: | slovaque |
| Publié: |
Bratislava
ALFA
1983
|
| Collection: | Knižnica Ministerstva stavebníctva SSR
|
| Tags: |
Pas de tags, Soyez le premier à ajouter un tag!
|
MARC
| LEADER | 00000nam a2200000 4500 | ||
|---|---|---|---|
| 001 | c115017 | ||
| 005 | 20041019155200.2 | ||
| 041 | 0 | |a slo | |
| 044 | |a SK | ||
| 245 | 1 | 0 | |a Dodavateľská príprava stavieb |c Augustín Hauskrecht |
| 264 | 1 | |a Bratislava |b ALFA |c 1983 | |
| 300 | |a 282 s. |e 5 tab. príl. | ||
| 490 | 1 | |a Knižnica Ministerstva stavebníctva SSR | |
| 830 | 0 | |a Knižnica Ministerstva stavebníctva SSR | |
| 100 | 1 | |a Hauskrecht, Augustín | |